000 00456nam a2200181Ia 4500
001 20187
005 20260306172747.0
008 260306t2006||||xx |||||||||||||| ||spa||
041 _aESP
082 _a342.985
_bM22
100 _aManrique S., J.
_eAUT
245 0 _aCódigo procesal constitucional y sus instrumentos normativos
260 _c2006
300 _a148 páginas :
_c21 cm.
650 _aGEN
654 _aCDE
942 _cLIB
_dJUS
_fJUS
_2ddc
_n
999 _c20187
_d20187